| 000 | 00519nam a2200181Ia 4500 | ||
|---|---|---|---|
| 999 |
_c12913 _d12913 |
||
| 003 | OSt | ||
| 005 | 20201116100702.0 | ||
| 008 | 190216s9999||||xx |||||||||||||| ||und|| | ||
| 020 | _a0582540038 | ||
| 040 | _coclc | ||
| 082 |
_a420.7 _bBRI/T |
||
| 100 |
_aBright, J A _96576 |
||
| 245 | 0 |
_aTeaching English As A Second Language / _cJ A Bright ; G P Mcgregor |
|
| 260 |
_bLongmans, _c1976. _aLondon: |
||
| 300 | _a283p | ||
| 650 | _aEnglish Story | ||
| 942 |
_cBK _2ddc _h420.7 _iBRI/T _k420.7 _mBRI/T |
||